Modele Porsche - Statystyki

Ogólne statystyki
  • Ten quiz został rozwiązany 26 razy
  • Średni wynik to 6 z 24
Statystyki odpowiedzi
Obrazkowy Odpowiedź % Poprawnych
Panamera
88%
Taycan
75%
Macan
58%
911 GT3 RS
50%
Carrera GT
46%
911 GT2 RS
42%
959
29%
911 Turbo S
25%
914
25%
Cayman GT4 RS
25%
718
21%
918 Spyder
21%
911 GT1 Streetversion
17%
Boxster
17%
901
13%
935
13%
963 RSP
13%
Carrera RS
8%
356 Speedster
4%
550 Spyder
4%
904 Carrera GTS
4%
908
4%
917K Street
4%
944S
4%
Nie znaleziono quizów pasujących do podanych kryteriów
Rozkład punktacji
Procent ludzi z każdym wynikiem
Percentyl według liczby udzielonych odpowiedzi
Twoja historia wyników
Nie rozwiązałeś tego quizu